Population projections for Pakistan, 1961-1986. (Record no. 69845)

MARC details
000 -LEADER
fixed length control field 00630cam a22002291 4500
001 - CONTROL NUMBER
control field sa 66005183
003 - CONTROL NUMBER IDENTIFIER
control field DLC
005 - DATE AND TIME OF LATEST TRANSACTION
control field 20260227112248.0
008 - FIXED-LENGTH DATA ELEMENTS--GENERAL INFORMATION
fixed length control field 861103s1964 pk a 000 0 eng
010 ## - LIBRARY OF CONGRESS CONTROL NUMBER
LC control number sa 66005183
025 ## - OVERSEAS ACQUISITION NUMBER
Overseas acquisition number PL480:P-E-981
035 ## - SYSTEM CONTROL NUMBER
System control number (OCoLC)14627372
040 ## - CATALOGING SOURCE
Original cataloging agency DLC
Transcribing agency WaU
Modifying agency DLC
042 ## - AUTHENTICATION CODE
Authentication code premarc
050 00 - LIBRARY OF CONGRESS CALL NUMBER
Classification number HB3640.5
Item number .I5 1964
110 2# - MAIN ENTRY--CORPORATE NAME
Corporate name or jurisdiction name as entry element Investment Advisory Centre of Pakistan.
245 10 - TITLE STATEMENT
Title Population projections for Pakistan, 1961-1986.
250 ## - EDITION STATEMENT
Edition statement Revised December 1964.
260 ## - PUBLICATION, DISTRIBUTION, ETC.
Place of publication, distribution, etc. Karachi
Date of publication, distribution, etc. [1964?]
300 ## - PHYSICAL DESCRIPTION
Extent vi, 35 p.
Other physical details illus.
Dimensions 28 cm.
651 #0 - SUBJECT ADDED ENTRY--GEOGRAPHIC NAME
Geographic name Pakistan
General subdivision Population.

No items available.

Powered by Koha